Fenomén Barack Obama

Bibliographic Details
Main Author: Fendek, Pavel (Author)
Format: Article
Language:Slovak
ISSN:0862-5999
Subjects:

MARC

LEADER 00000nab a2200000 a 4500
001 vtls009490835
003 SK-MaSNL
005 20260303061124.0
008 140422c2009 xo |||||| | ||00 b|slo
015 |a SNBRB2009/04  |2 snkbucl 
038 |a SNKBUCL 
040 |a SNKBUCL  |b slo  |c SNKBUCL  |e AACR2 
041 0 |a slo 
044 |a xo  |c SK 
080 |a 342.511  |x (73)  |2 2001 
080 |a 342.511.1  |x (73)  |x "2008"  |2 2001 
100 1 |a Fendek, Pavel  |4 aut  |9 660483 
245 1 0 |a Fenomén Barack Obama  |c Pavel Fendek 
600 1 7 |a Obama, Barack,  |d 1961-  |2 snkbucl  |9 206063 
610 2 7 |a Spojené štáty americké.  |b Prezident (2009-2017 : Obama)  |2 snkbucl  |9 192201 
650 0 7 |a prezidentské voľby  |2 SNKPH  |9 4489 
773 0 |t Literárny (dvoj)týždenník  |g Roč. XXII, č. 3-4 (2009), s. 14  |x 0862-5999 
852 |a SNK  |b KIS3GCP 
958 |a US 
999 |c 1734313  |d 1736243